LEADER 01297nam2-2200385---4500 001 990000832950203316 005 20101207100315.0 035 $a0083295 035 $aUSA010083295 035 $a(ALEPH)000083295USA01 035 $a0083295 100 $a20020103d1968----km-y0ENGy0103----ba 101 $aeng 102 $aUS 200 1 $a<> Taxes in Grain in Ptolemaic Egypt$egranary receipts from Diospolis Magna 164-88 C.C.$fZola M. Packman 210 $aNew Haven$cThe American society of papyrologists$d1968 215 $a84 p.$c1 c. di tav., 22 p. di tav., ill.$d29 cm 225 $aAmerican studies in papyrology$v4 461 1$10010104210$12001$aAmerican studies in papyrology$v, 4 606 $aGrano$xDazi$yEgitto$z164-88 a.C. 676 $a932.01 700 1$aPACKMAN,$bZola M.$0173111 801 0$aIT$bsalbc$gISBD 912 $a990000832950203316 951 $aFONDO$b120833 LM$cFONDO 959 $aBK 969 $aUMA 979 $aPATTY$b90$c20020103$lUSA01$h0912 979 $c20020403$lUSA01$h1729 979 $aPATRY$b90$c20040406$lUSA01$h1657 979 $aPATRY$b90$c20080626$lUSA01$h1429 979 $aPATRY$b90$c20080626$lUSA01$h1430 979 $aPATRY$b90$c20101207$lUSA01$h1003 996 $aTaxes in grain in Ptolemaic Egypt$9742188 997 $aUNISA LEADER 03393nam 22006135 450 001 9910760281803321 005 20241206115250.0 010 $a9783031420184 010 $a3031420187 024 7 $a10.1007/978-3-031-42018-4 035 $a(MiAaPQ)EBC30793138 035 $a(Au-PeEL)EBL30793138 035 $a(DE-He213)978-3-031-42018-4 035 $a(PPN)272920479 035 $a(CKB)28521709900041 035 $a(EXLCZ)9928521709900041 100 $a20231016d2024 u| 0 101 0 $aeng 135 $aurcnu|||||||| 181 $ctxt$2rdacontent 182 $cc$2rdamedia 183 $acr$2rdacarrier 200 10$aComputer Networks $eData Communications, Internet and Security /$fby Ata Elahi, Alex Cushman 205 $a1st ed. 2024. 210 1$aCham :$cSpringer International Publishing :$cImprint: Springer,$d2024. 215 $a1 online resource (418 pages) 311 08$aPrint version: Elahi, Ata Computer Networks Cham : Springer International Publishing AG,c2023 9783031420177 320 $aIncludes bibliographical references and index. 327 $aIntroduction -- Introduction to Communications Networks -- Data Communications -- Communications Channels and Media -- Multiplexer and Switching Concepts -- Flow Control and Reliable Transmission -- Modulation, DSL, Cable Modem, and FTTH -- Ethernet and Fast Ethernet Technology -- Gigabit and 10 Gigabit Ethernet Technology -- LAN Interconnection Devices -- Internet Protocols Part I -- Internet Protocols Part II and MPLS -- Wireless Local Area Network (WLAN) -- Voice over Internet Protocols (Voice over IP) -- Introduction to Cryptography -- Network Security -- Conclusion. 330 $aThe hands-on textbook covers both the theory and applications of data communications, the Internet, and network security technology, following the ACM guideline for courses in networking. The content is geared towards upper undergraduate and graduate students in information technology, communications engineering, and computer science. The book is divided into three sections: Data Communications, Internet Architecture, and Network Security. Topics covered include flow control and reliable transmission; modulation, DSL, cable modem, and FTTH; Ethernet and Fast Ethernet; gigabit and 10 gigabit Ethernet; and LAN interconnection devices, among others. The book also covers emerging topics such as IPv6 and software defined networks. The book is accompanied with a lab manual which uses Wireshark, Cisco Packet Tracer, and virtual machines to lead students through simulated labs. 606 $aTelecommunication 606 $aComputer networks 606 $aCoding theory 606 $aInformation theory 606 $aCommunications Engineering, Networks 606 $aComputer Communication Networks 606 $aCoding and Information Theory 615 0$aTelecommunication. 615 0$aComputer networks. 615 0$aCoding theory. 615 0$aInformation theory. 615 14$aCommunications Engineering, Networks. 615 24$aComputer Communication Networks. 615 24$aCoding and Information Theory. 676 $a004.6 700 $aElahi$b Ata$0720845 702 $aCushman$b Alex 801 0$bMiAaPQ 801 1$bMiAaPQ 801 2$bMiAaPQ 906 $aBOOK 912 $a9910760281803321 996 $aComputer Networks$93598760 997 $aUNINA LEADER 01524nam2 2200373 i 450 001 CFI0109317 005 20251003044122.0 010 $a8815012664 020 $aIT$b89-10800 100 $a19970416d1987 ||||0itac50 ba 101 | $aita 102 $ait 181 1$6z01$ai $bxxxe 182 1$6z01$an 200 1 $a2$eEspansione e conflitto$egli Stati Uniti dal 1820 al 1877$fDavid B. Davis, David H. Donald 210 $aBologna$cIl mulino$d[1987] 215 $a433 p., [8] c. di tav.$cill.$d22 cm 225 | $aˆLe ‰vie della civiltà 300 $aEd. italiana a cura di Tiziano Bonazzi 300 $aTrad. di Gianfranco P. Ceccarelli, Maria Elisa Traldi. 314 $aSC/MIL 03/07/00 SC/MIL 16/10/96$9TO0V022136 410 0$1001CFI0025045$12001 $aˆLe ‰vie della civiltà 461 1$1001CFI0109319$12001 $aStoria degli Stati Uniti d'America$v2 606 $aSTATI UNITI D'AMERICA$xSTORIA$x1820-1877$2FIR$3MILC009061$9I 676 $a973$9Stati Uniti$v14 700 1$aDavis$b, David Brion$3TO0V022136$4070$0127695 701 1$aDonald$b, David H.$3CFIV068157$4070$0437396 801 3$aIT$bIT-000000$c19970416 850 $aIT-BN0095 $aIT-AV0045 912 $aCFI0109317 950 2$aBiblioteca Centralizzata di Ateneo$c1 v.$d 01POZZO LIB.ECON MON 8207$e 0101 0000115155E VMA (0002 v. 2 (Precedente collocazione: GUERRAZZI B 1885)$fB $h20091230$i20091230 977 $a 01$a MV 996 $a2$962274 997 $aUNISANNIO